1576 1103 1546 1105 1154 1996 1502 1576 1241 1180 1262 1334 1335 1243 1664 1478 1086 1692 1170 1804 1942 1516 1356 1612 1838 1779 1280 1112 1856 1763 1782 1759 1824 1501 1247 1317 1104 1632 1927 1057 1036 1864 1950 1933 1332 1324 1938 1984 1534 1754 1790 1971 1906 1354 1846 1596 1247 1200 1436 1000 1829 1884 1408 1528 1351 1723 1353 1034 1295 1090 1799 1023 1145 1242 1357 1351 1568 1953 1101 1919 1762 1593 1335 1373 1015 1771 1149 1861 1018 1877 1346 1561 1462 1891 1994 1016 1450 1869 1237 BCNSPRNW ULIB Ver.6.0+V

เปลี่ยนเป็นภาษาไทย

Change to English
 แสดงรายละเอียดบรรณานุกรม
  กลับหน้าหลัก

Brief Record : Get Marc (ISO 2709) : E-mail record : QR code < ปิดหน้าต่าง
LEADER : 00000nam 2200000uu 4500
001    13399113490
003     ULIB
008    111122s2550||||th 000 0 tha d
020    ^a9789744347595
090    ^aนว.^bด361ผ 2550
100 0  ^aดับลิว เค จา
245 00 ^aแผนลับ ฉบับ 50 วัน/^cดับลิว เค จา
250    ^aพิมพ์ครั้งที่ 1
260    ^aกรุงเทพฯ:^bฟิสิกส์เซ็นเตอร์,^c2550
300    ^a298 หน้า
710 1  ^aฟิสิกส์เซ็นเตอร์
945    ^p195^l0^i020589
995    ^aทศพร
999 ^a ทศพร
รายการนี้ยังไม่มีแท็ก
คุณยังไม่ได้ล็อกอิน คุณสามารถมีกิจกรรมร่วมกับเว็บไซต์ได้ แต่ต้องล็อกอินก่อน ::
  ล็อกอิน

รายการสื่อสารสนเทศ

ลำดับที่ ประเภท เลขเรียก/บาร์โค้ด สถานที่ สถานะ
1. นวนิยาย
นวนิยาย
นว. ด361ผ 2550 ฉ.1 
  Barcode: 020589
ห้องสมุดวิทยาเขตสวรรค์ประชารักษ์
►นวนิยาย
บนชั้น
  ขอยืม

BibComment


ยังไม่เคยถูกคอมเมนท์

คอมเมนท์ทรัพยากรรายการนี้
  คอมเมนท์: แผนลับ ฉบับ 50 ว..


 Copyright 2026. Bcnsprnw @Library